|
|
|
|
| LEADER |
01291nam a2200313 i 4500 |
| 001 |
c000146223 |
| 003 |
CARM |
| 005 |
00000000000000.0 |
| 008 |
780804s1977 mx b 00100 spa |
| 019 |
1 |
|
|a 1251875
|5 LACONCORD2021
|
| 035 |
|
|
|a (OCoLC)4192743
|5 LACONCORD2021
|
| 043 |
|
|
|a n-mx---
|
| 050 |
0 |
0 |
|a PQ7289
|b .C645
|
| 082 |
0 |
0 |
|a 784.4/05
|2 19
|
| 245 |
0 |
0 |
|a Coplas del amor desdichado y otras coplas de amor :
|b textos /
|c recopilados y editados por investigadores del Centro de Estudios Linguisticos y Literarios de El Colegio de Mexico, bajo la direccion de Margit Frenk Alatorre.
|
| 250 |
|
|
|a 1. ed.
|
| 260 |
|
|
|a Mexico :
|b El Colegio,
|c 1977.
|
| 300 |
|
|
|a xxxi, 510 p. ;
|c 27 cm.
|
| 440 |
|
0 |
|a Cancionero folklorico de Mexico ;
|v t. 2
|
| 500 |
|
|
|a Includes indexes.
|
| 504 |
|
|
|a Bibliography: p. 455-461.
|
| 650 |
|
0 |
|a Folk-songs
|z Mexico
|x Texts.
|
| 650 |
|
0 |
|a Coplas
|z Mexico.
|
| 650 |
|
0 |
|a Love songs
|z Mexico
|x Texts.
|
| 700 |
2 |
0 |
|a Frenk Alatorre, Margit.
|
| 710 |
2 |
0 |
|a Colegio de Mexico.
|b Centro de Estudios Linguisticos y Literarios.
|
| 852 |
8 |
|
|b CARM
|h A2:AD03D0
|i D00618
|p 0041070
|f BK
|
| 999 |
f |
f |
|i 67cc0561-1c89-54a1-9a75-4c5159590053
|s fee6291a-b874-5cd9-972c-181b4bc6c0fe
|
| 952 |
f |
f |
|p Can circulate
|a CAVAL
|b CAVAL
|c CAVAL
|d CARM 1 Store
|e D00618
|f A2:AD03D0
|h Other scheme
|i book
|m 0041070
|